[Event "XXX C.to Italiano femminile"]
[Site "Bratto - Castione della Presolana ITA"]
[Date "2003.08.28"]
[Round "8"]
[White "Tonel, Giulia"]
[Black "Reginato, Sabrina"]
[Result "1-0"]
[WhiteElo "1425"]
[BlackElo "1395"]
[PlyCount "79"]
[EventDate "2003.08.21"]

1. e4 c5 2. Nc3 d6 3. g3 Nf6 4. Bg2 e6 5. f4 a6 6. d3 Be7 7. Nf3 Qc7 8. O-O O-O
9. Bd2 Nc6 10. h3 b5 11. Ne2 Bb7 12. g4 Rac8 13. Ng3 e5 14. f5 Rfd8 15. c4 b4
16. g5 Nd7 17. Nh5 g6 18. Ng3 Re8 19. h4 f6 20. Kf2 Bf8 21. Rh1 Bg7 22. h5 Nf8
23. Qg1 Kf7 24. Bh3 Rb8 25. Nh4 Ke7 26. fxg6 hxg6 27. hxg6 Kd8 28. Ngf5 a5 29.
Rf1 Bc8 30. Ke1 Bxf5 31. Rxf5 Ne7 32. Rf1 fxg5 33. Bxg5 a4 34. Rf7 Bh8 35. g7
Bxg7 36. Rxg7 a3 37. b3 Qb7 38. Nf5 Qa7 39. Nxe7 Rxe7 40. Bxe7+ 1-0

[Event "XXX C.to Italiano femminile"]
[Site "Bratto - Castione della Presolana ITA"]
[Date "2003.08.29"]
[Round "9"]
[White "Bassi, Serena"]
[Black "Tonel, Giulia"]
[Result "1/2-1/2"]
[WhiteElo "1347"]
[BlackElo "1425"]
[PlyCount "61"]
[EventDate "2003.08.21"]

1. e4 e5 2. Nf3 Nc6 3. Nc3 Nf6 4. d4 exd4 5. Nxd4 Bb4 6. Nxc6 bxc6 7. Bd2 d6 8.
Bd3 O-O 9. O-O h6 10. a3 Ba5 11. Re1 Re8 12. h3 Bb6 13. Na4 Bb7 14. Nxb6 cxb6
15. Re3 c5 16. Qe2 Re6 17. f4 Ne8 18. f5 Re7 19. Rg3 Bxe4 20. Qg4 Bxd3 21. cxd3
Rd7 22. Bxh6 Qf6 23. Be3 Qxb2 24. Rf1 Qf6 25. Kh1 Rc7 26. Bg5 Qd4 27. f6 Qxg4
28. Rxg4 gxf6 29. Bxf6+ Kh7 30. Rf5 Nxf6 31. Rxf6 1/2-1/2

[Event "XXX C.to Italiano femminile"]
[Site "Bratto - Castione della Presolana ITA"]
[Date "2003.08.29"]
[Round "9"]
[White "Brunello, Roberta"]
[Black "Costantini, Laura"]
[Result "0-1"]
[WhiteElo "1480"]
[BlackElo "2075"]
[PlyCount "32"]
[EventDate "2003.08.21"]

1. e4 c6 2. d4 d5 3. Nc3 dxe4 4. Nxe4 Bf5 5. Ng3 Bg6 6. Nf3 Nd7 7. Bc4 e6 8.
O-O Ngf6 9. Re1 Be7 10. Bf4 O-O 11. Bb3 Nd5 12. Bxd5 cxd5 13. Nh4 Bxh4 14. Ne2
Rc8 15. Nc3 a6 16. Rc1 Bg5 0-1

[Event "XXX C.to Italiano femminile"]
[Site "Bratto - Castione della Presolana ITA"]
[Date "2003.08.29"]
[Round "9"]
[White "Decataldo, Alba"]
[Black "Ambrosi, Eleonora"]
[Result "0-1"]
[WhiteElo "1794"]
[BlackElo "2091"]
[PlyCount "114"]
[EventDate "2003.08.21"]

1. e4 e5 2. Nf3 Nf6 3. Nc3 Bb4 4. Bc4 O-O 5. O-O d6 6. Re1 Bg4 7. Nd5 Nxd5 8.
Bxd5 c6 9. Bb3 Qf6 10. Re3 Bc5 11. Rd3 Na6 12. a3 d5 13. Qe1 dxe4 14. Qxe4 Bf5
15. Qxe5 Bxd3 16. Qxf6 gxf6 17. cxd3 Rad8 18. Bc2 Rfe8 19. b4 Bd4 20. Rb1 Nc7
21. g3 Ne6 22. Kg2 Bb6 23. Bb2 Nd4 24. Nxd4 Bxd4 25. Bxd4 Rxd4 26. Kf3 Re5 27.
h4 Kf8 28. Rb3 Ke7 29. Bd1 Kd6 30. Be2 Kc7 31. Rc3 a5 32. Rc4 c5 33. b5 a4 34.
Rxd4 cxd4 35. Bd1 Rxb5 36. Bxa4 Ra5 37. Be8 Rxa3 38. Ke4 Ra2 39. Kxd4 Rxd2 40.
Ke3 Rb2 41. Bxf7 b5 42. Bg8 h6 43. d4 Kb6 44. f3 b4 45. Bh7 b3 46. d5 Kc5 47.
Kd3 Kxd5 48. Kc3 Rg2 49. Bg8+ Ke5 50. Bxb3 Rxg3 51. Bd1 Kf4 52. Kd4 Rxf3 53. h5
Rh3 54. Be2 Kg5 55. Ke4 f5+ 56. Kd4 Rxh5 57. Ke5 Rh3 0-1

[Event "XXX C.to Italiano femminile"]
[Site "Bratto - Castione della Presolana ITA"]
[Date "2003.08.29"]
[Round "9"]
[White "Fittante, Giuliana"]
[Black "Clappa, Ilaria"]
[Result "1-0"]
[WhiteElo "1813"]
[BlackElo "1648"]
[PlyCount "55"]
[EventDate "2003.08.21"]

1. d4 d5 2. Nf3 Nf6 3. Bf4 Nbd7 4. e3 e6 5. Bd3 Be7 6. h3 c5 7. c3 c4 8. Bc2 b5
9. Nbd2 a5 10. O-O Bb7 11. Re1 O-O 12. e4 dxe4 13. Nxe4 Nd5 14. Bd2 Qc7 15.
Nfg5 N7f6 16. Nxf6+ Nxf6 17. Qe2 Qc6 18. f4 Rad8 19. Qf2 Rd7 20. Re2 Rfd8 21.
Rae1 h6 22. Nf3 Bd6 23. Ne5 Bxe5 24. fxe5 Nd5 25. Qg3 Kf8 26. Rf2 Qc7 27. Qh4
Ke8 28. Qg4 1-0

[Event "XXX C.to Italiano femminile"]
[Site "Bratto - Castione della Presolana ITA"]
[Date "2003.08.29"]
[Round "9"]
[White "Nazarova, Olga"]
[Black "Bianchini, Aurora"]
[Result "1-0"]
[WhiteElo "2050"]
[BlackElo "1654"]
[PlyCount "103"]
[EventDate "2003.08.21"]

1. d4 Nf6 2. c4 c5 3. dxc5 Qa5+ 4. Nc3 Qxc5 5. e3 g6 6. Nf3 Bg7 7. Be2 O-O 8.
O-O d6 9. b3 Nc6 10. Bb2 b6 11. Qd2 Bb7 12. Rac1 Rac8 13. Rfd1 Ne5 14. Na4
Nxf3+ 15. Bxf3 Qc7 16. Bxb7 Qxb7 17. Bxf6 Bxf6 18. Qd3 Rfd8 19. h3 Qb8 20. Nc3
Bxc3 21. Rxc3 Qb7 22. e4 a6 23. f3 a5 24. Rdc1 Qa6 25. Qe3 Qb7 26. Rd3 Qb8 27.
Qg5 Qb7 28. h4 Qc7 29. h5 Qc5+ 30. Qxc5 Rxc5 31. hxg6 hxg6 32. Rcd1 Rdc8 33.
Kf2 Kf8 34. f4 f6 35. Kf3 Kg7 36. Rh1 Rh8 37. Rxh8 Kxh8 38. Rd5 Rxd5 39. cxd5
Kg7 40. Ke3 g5 41. f5 Kf8 42. Kd3 Ke8 43. Kc4 Kd7 44. Kb5 Kc7 45. Ka6 g4 46. g3
a4 47. bxa4 Kb8 48. Kxb6 Kc8 49. a5 Kb8 50. a6 Ka8 51. a7 e5 52. dxe6 1-0

[Event "XXX C.to Italiano femminile"]
[Site "Bratto - Castione della Presolana ITA"]
[Date "2003.08.29"]
[Round "9"]
[White "Panella, Fiammetta"]
[Black "Matta, Francesca"]
[Result "0-1"]
[WhiteElo "1840"]
[BlackElo "1624"]
[PlyCount "58"]
[EventDate "2003.08.21"]

1. e4 e5 2. Nf3 Nc6 3. d4 exd4 4. Bc4 Bc5 5. c3 Qe7 6. O-O Ne5 7. Bb3 Nxf3+ 8.
Qxf3 Qf6 9. Qg3 d6 10. Re1 Ne7 11. Ba4+ c6 12. b4 Bb6 13. Bf4 dxc3 14. Na3 Ng6
15. Be3 O-O 16. Rad1 Rd8 17. Re2 Qe5 18. Qf3 Be6 19. g3 d5 20. Bf4 Nxf4 21.
gxf4 dxe4 22. Rxd8+ Rxd8 23. Rxe4 Qf6 24. Re5 Bd4 25. Rh5 Bd5 26. Qg3 Re8 27.
Kf1 Qe6 28. Re5 Bxe5 29. fxe5 Qxe5 0-1

[Event "XXX C.to Italiano femminile"]
[Site "Bratto - Castione della Presolana ITA"]
[Date "2003.08.29"]
[Round "9"]
[White "Pili, Erika"]
[Black "De Rosa, Mariagrazia"]
[Result "0-1"]
[WhiteElo "1759"]
[BlackElo "1828"]
[PlyCount "52"]
[EventDate "2003.08.21"]

1. e4 c5 2. Nc3 e6 3. Bc4 Nc6 4. d3 a6 5. a4 d6 6. Nge2 Be7 7. O-O Bf6 8. f4 g6
9. Kh1 Nge7 10. Ng3 O-O 11. Qg4 Bg7 12. h4 d5 13. Ba2 f5 14. Qh3 Nd4 15. Rf2 b5
16. axb5 axb5 17. exd5 Nxd5 18. Nxd5 exd5 19. Be3 Bb7 20. c3 Nb3 21. Bxb3 Rxa1+
22. Kh2 c4 23. dxc4 dxc4 24. Bc2 Re8 25. Nxf5 gxf5 26. Qxf5 Qxh4+ 0-1

[Event "XXX C.to Italiano femminile"]
[Site "Bratto - Castione della Presolana ITA"]
[Date "2003.08.29"]
[Round "9"]
[White "Reginato, Sabrina"]
[Black "Tomba, Patrizia"]
[Result "0-1"]
[WhiteElo "1395"]
[BlackElo "1492"]
[PlyCount "110"]
[EventDate "2003.08.21"]

1. e4 e5 2. Nf3 Nc6 3. d4 exd4 4. Nxd4 Nge7 5. Be3 g6 6. Nc3 Bg7 7. Be2 d6 8.
O-O O-O 9. Qd2 Nxd4 10. Bxd4 Bxd4 11. Qxd4 Nc6 12. Qd2 Be6 13. Rad1 Qe8 14. a3
a6 15. Qh6 f6 16. Kh1 Qf7 17. f4 Qg7 18. Qxg7+ Kxg7 19. Nd5 Bxd5 20. Rxd5 Ne7
21. Rdd1 Rad8 22. Kg1 Ng8 23. Bd3 Nh6 24. h3 Rd7 25. Rde1 Re7 26. f5 g5 27. g4
Rfe8 28. c3 d5 29. Re3 Nf7 30. Rfe1 Nd6 31. Kf2 Nxe4+ 32. Kg2 Kf8 33. Kf1 Nc5
34. Rxe7 Rxe7 35. Rxe7 Kxe7 36. Bc2 Kd6 37. Ke2 Ke5 38. Ke3 Ne4 39. Bb3 c5 40.
Bc2 d4+ 41. cxd4+ cxd4+ 42. Kf3 Nd2+ 43. Ke2 Nc4 44. Bb3 Na5 45. Bc2 Kf4 46.
Kf2 Nc4 47. Bb3 Nd2 48. Bc2 Ne4+ 49. Ke2 b6 50. b3 Nc5 51. Kf2 d3 52. Bd1 d2
53. Ke2 Ne4 54. Bc2 Nc3+ 55. Kd3 d1=Q+ 0-1

[Event "XXX C.to Italiano femminile"]
[Site "Bratto - Castione della Presolana ITA"]
[Date "2003.08.29"]
[Round "9"]
[White "Sirletti, Sonia"]
[Black "Sautto, Alessandra"]
[Result "1/2-1/2"]
[WhiteElo "2071"]
[BlackElo "1968"]
[PlyCount "55"]
[EventDate "2003.08.21"]

1. d4 d5 2. c4 e6 3. Nc3 Nf6 4. Bg5 Be7 5. e3 Nbd7 6. Nf3 O-O 7. Qc2 c6 8. Bd3
dxc4 9. Bxc4 h6 10. Bh4 b5 11. Bd3 a6 12. Rd1 Qb6 13. Ne5 Re8 14. Nxd7 Bxd7 15.
Bxf6 Bxf6 16. Ne4 Be7 17. O-O Red8 18. Nc5 Be8 19. Rfe1 e5 20. Nb3 exd4 21.
Nxd4 Bf6 22. Be4 Bxd4 23. Rxd4 Rxd4 24. exd4 Qxd4 25. Bxc6 Bxc6 26. Qxc6 Rd8
27. Re8+ Rxe8 28. Qxe8+ 1/2-1/2

[Event "XXX C.to Italiano femminile"]
[Site "Bratto - Castione della Presolana ITA"]
[Date "2003.08.29"]
[Round "9"]
[White "Tiozzo Netti, Valeria"]
[Black "Cassinera, Chiara"]
[Result "1-0"]
[WhiteElo "1600"]
[BlackElo "1528"]
[PlyCount "77"]
[EventDate "2003.08.21"]

1. e4 c5 2. Nc3 d6 3. g3 Nc6 4. Bg2 g6 5. d3 Bg7 6. Be3 Nf6 7. Qd2 O-O 8. Nge2
Qa5 9. h3 Nd7 10. O-O b5 11. Bh6 b4 12. Nd1 Rb8 13. Bxg7 Kxg7 14. Ne3 Nf6 15.
f4 Qc7 16. Rf2 Bd7 17. Raf1 Qc8 18. Kh2 h5 19. f5 g5 20. Nd5 Nh7 21. f6+ exf6
22. Nxf6 Qd8 23. Nxh7 Kxh7 24. Rf6 Rg8 25. Rxf7+ Rg7 26. Rxg7+ Kxg7 27. Ng1 Nd4
28. Nf3 Nxf3+ 29. Bxf3 g4 30. hxg4 hxg4 31. Be2 Qh8+ 32. Kg1 Qh5 33. Qf4 Qh3
34. Qxd6 Rd8 35. Qe7+ Kg8 36. Qxd8+ Kg7 37. Qh4 Qxh4 38. gxh4 Kh6 39. Kg2 1-0